[Event "2BLN 1718 SK König Tegel - SC Kreuzber"]
[Site "?"]
[Date "2018.04.15"]
[Round "9.7"]
[White "Paulsen, Dirk"]
[Black "Von Herman, Ulf"]
[Result "0-1"]
[WhiteElo "2322"]
[BlackElo "2347"]
[PlyCount "92"]
[EventDate "2018.??.??"]

1. d4 Nf6 2. c4 e6 3. Nf3 d5 4. cxd5 exd5 5. Nc3 c6 6. Bg5 Be7 7. Qc2 Nbd7 8.
e3 Nh5 9. Bf4 Nxf4 10. exf4 Bd6 11. g3 O-O 12. Bd3 Re8+ 13. Kf1 Nf8 14. Kg2 Bg4
15. Ne5 Be6 16. Rhe1 f6 17. Nf3 Qd7 18. Nh4 Bh3+ 19. Kg1 Bxf4 20. Nf5 Bc7 21.
Na4 Bb6 22. b4 g6 23. Nxb6 axb6 24. Rxe8 Qxe8 25. Ne3 Ra3 26. Bf1 Bxf1 27. Kxf1
Qd7 28. Kg2 b5 29. Qd2 Ra8 30. Nc2 Ne6 31. a3 Ng5 32. Qf4 Ne4 33. Ne3 f5 34.
Nd1 Qg7 35. Qe3 Re8 36. Nc3 f4 37. gxf4 Nd6 38. Qd3 Qf6 39. a4 bxa4 40. Rxa4
Qxf4 41. Qg3 Qf6 42. b5 Nf5 43. Qf4 g5 44. Qg4 Nh4+ 45. Kf1 Qg6 46. Qd1 Qf5 0-1

[Event "2BLN 1718 SK König Tegel - SC Kreuzber"]
[Site "?"]
[Date "2018.04.15"]
[Round "9.8"]
[White "Kachibadze, Georg"]
[Black "Holzapfel, Daniel"]
[Result "1/2-1/2"]
[WhiteElo "2261"]
[BlackElo "2278"]
[PlyCount "76"]
[EventDate "2018.??.??"]

1. e4 c6 2. d4 d5 3. Nc3 dxe4 4. Nxe4 Bf5 5. Ng3 Bg6 6. h4 h6 7. Nf3 Nd7 8. h5
Bh7 9. Bd3 Bxd3 10. Qxd3 Ngf6 11. Bf4 Qa5+ 12. Bd2 Qc7 13. O-O-O e6 14. Ne4
O-O-O 15. g3 Nxe4 16. Qxe4 Nf6 17. Qe2 Rd5 18. Ne5 Bd6 19. Bf4 c5 20. c4 cxd4
21. Nxf7 Bxf4+ 22. gxf4 Re8 23. Kb1 Rf5 24. Ne5 Rxf4 25. Ng6 Re4 26. Qd3 Qc5
27. f3 Re3 28. Qxd4 Qxd4 29. Rxd4 Rxf3 30. Ne5 Re3 31. Nf7 Rf8 32. Nd6+ Kb8 33.
c5 Rd8 34. Rb4 Rd7 35. Rc1 Nd5 36. Rg4 Nf6 37. Rb4 Nd5 38. Rg4 Nf6 1/2-1/2

[Event "2BLN 1718 SF Berlin II - SV Glückauf Rü"]
[Site "?"]
[Date "2018.04.15"]
[Round "9.1"]
[White "Moranda, Wojciech"]
[Black "Polzin, Rainer"]
[Result "1-0"]
[WhiteElo "2599"]
[BlackElo "2401"]
[PlyCount "57"]
[EventDate "2018.??.??"]

1. d4 Nf6 2. c4 g6 3. Nc3 Bg7 4. e4 d6 5. f4 O-O 6. Nf3 Na6 7. Bd3 Bg4 8. O-O
Nd7 9. Be3 e5 10. fxe5 c5 11. Be2 Bxf3 12. gxf3 cxd4 13. Qxd4 dxe5 14. Qd2 Ndc5
15. Qxd8 Rfxd8 16. Nd5 Ne6 17. b4 Nf4 18. Bxf4 exf4 19. Rac1 Be5 20. Rfd1 Nc7
21. c5 Kf8 22. a4 Nxd5 23. exd5 a5 24. bxa5 Rxa5 25. Bb5 Rda8 26. d6 Rb8 27.
Rd5 f6 28. Re1 b6 29. Rexe5 1-0

[Event "2BLN 1718 SF Berlin II - SV Glückauf Rü"]
[Site "?"]
[Date "2018.04.15"]
[Round "9.2"]
[White "Rudolf, Henrik"]
[Black "Kanarek, Marcel"]
[Result "1/2-1/2"]
[WhiteElo "2304"]
[BlackElo "2506"]
[PlyCount "75"]
[EventDate "2018.??.??"]

1. e4 e5 2. Nf3 Nc6 3. Bb5 g6 4. O-O Bg7 5. c3 a6 6. Ba4 Nge7 7. d4 exd4 8.
cxd4 b5 9. Bb3 d6 10. a4 b4 11. a5 O-O 12. d5 Ne5 13. Nxe5 Bxe5 14. Nd2 Bg7 15.
Nc4 Bd7 16. Be3 Bb5 17. Bd4 c5 18. Bxg7 Kxg7 19. Re1 Bxc4 20. Bxc4 g5 21. e5
Ng6 22. e6 Qf6 23. Qe2 Nf4 24. Qf1 fxe6 25. dxe6 d5 26. Bxa6 Ra7 27. e7 Rxe7
28. Rxe7+ Qxe7 29. g3 Ne6 30. Qg2 Nd4 31. Qxd5 Qf6 32. Bf1 Qxf2+ 33. Kh1 Rf5
34. Qb7+ Rf7 35. Qd5 Rf5 36. Qb7+ Rf7 37. Qd5 Rf5 38. Qb7+ 1/2-1/2

[Event "2BLN 1718 SF Berlin II - SV Glückauf Rü"]
[Site "?"]
[Date "2018.04.15"]
[Round "9.3"]
[White "Steczek, Marcin"]
[Black "Nogly, Christoph"]
[Result "1-0"]
[WhiteElo "2381"]
[BlackElo "2258"]
[PlyCount "81"]
[EventDate "2018.??.??"]

1. c4 e6 2. Nf3 d5 3. g3 dxc4 4. Qa4+ Nd7 5. Bg2 a6 6. Qxc4 b5 7. Qc2 Bb7 8.
O-O Ngf6 9. Nc3 c5 10. d3 Be7 11. Bf4 O-O 12. Rfd1 Rc8 13. Rac1 Qb6 14. h3 Rfd8
15. Qb1 Bc6 16. e4 Ne8 17. Be3 Qb7 18. Nd2 e5 19. Nb3 Qc7 20. Ne2 Qb6 21. Qc2
Bb7 22. Qd2 Nc7 23. Na5 Ne6 24. b4 Ba8 25. Nc3 Qd6 26. bxc5 Ndxc5 27. Nd5 Bf8
28. Rc2 Nd7 29. Rdc1 Rxc2 30. Rxc2 Ndc5 31. h4 Nd4 32. Rc1 Na4 33. Nb3 Bxd5 34.
exd5 Qb4 35. Qxb4 Bxb4 36. Nxd4 exd4 37. Bxd4 Ba3 38. Rc6 a5 39. Be5 Nb2 40.
Bc7 Rf8 41. d6 1-0

[Event "2BLN 1718 SF Berlin II - SV Glückauf Rü"]
[Site "?"]
[Date "2018.04.15"]
[Round "9.4"]
[White "Chatzidakis, Mihail Dr"]
[Black "Janaszak, Dawid"]
[Result "1/2-1/2"]
[WhiteElo "2341"]
[BlackElo "2360"]
[PlyCount "56"]
[EventDate "2018.??.??"]

1. e4 c5 2. Nf3 Nc6 3. Bb5 d6 4. O-O Bd7 5. Re1 a6 6. Bf1 Bg4 7. d3 Nf6 8. Nbd2
e6 9. h3 Bh5 10. g4 Bg6 11. Nh4 Be7 12. f4 Nd7 13. Ng2 h6 14. Nf3 Bh7 15. c3
Qc7 16. d4 cxd4 17. cxd4 O-O 18. d5 Nb4 19. dxe6 fxe6 20. Nd4 Nc5 21. f5 Bf6
22. Be3 Kh8 23. Rc1 Bxd4 24. Bxd4 Nxa2 25. Rc2 Nb4 26. Rc4 Nc6 27. e5 Rfd8 28.
exd6 Rxd6 1/2-1/2

[Event "2BLN 1718 SF Berlin II - SV Glückauf Rü"]
[Site "?"]
[Date "2018.04.15"]
[Round "9.5"]
[White "Dudzinski, Piotr"]
[Black "Florstedt, Johannes"]
[Result "1/2-1/2"]
[WhiteElo "2310"]
[BlackElo "2280"]
[PlyCount "97"]
[EventDate "2018.??.??"]

1. e4 c5 2. c3 d5 3. exd5 Qxd5 4. d4 g6 5. Nf3 Bg7 6. Be2 Nf6 7. O-O O-O 8. Ne5
cxd4 9. cxd4 Qa5 10. Nc3 Nc6 11. Nxc6 bxc6 12. Qa4 Qb6 13. Bf3 Bd7 14. Qc4 Rac8
15. Be3 Qxb2 16. Qc5 Qb6 17. Qxe7 Rfe8 18. Qd6 c5 19. Qxb6 axb6 20. Rab1 Ng4
21. Bxg4 Bxg4 22. Nb5 Be2 23. dxc5 Bxf1 24. Rxf1 bxc5 25. Nd6 c4 26. Rc1 Bb2
27. Re1 c3 28. Nxe8 Rxe8 29. Re2 f5 30. g3 Ra8 31. Rc2 Rxa2 32. Bd4 Ra3 33. Kf1
Kf7 34. Ke2 Ke6 35. Kd3 Kd5 36. f3 Ra1 37. Bxc3 Bxc3 38. Rxc3 Rd1+ 39. Ke3 Rh1
40. h4 h6 41. Ra3 Ke6 42. Ra6+ Kf7 43. Kf4 Kg7 44. Ra7+ Kf6 45. Ra6+ Kg7 46.
Rb6 Ra1 47. Rb4 Kf6 48. Rb6+ Kg7 49. Rb7+ 1/2-1/2

[Event "2BLN 1718 SF Berlin II - SV Glückauf Rü"]
[Site "?"]
[Date "2018.04.15"]
[Round "9.6"]
[White "Priebe, Jan"]
[Black "Sroczynski, Maciej"]
[Result "0-1"]
[WhiteElo "2285"]
[BlackElo "2313"]
[PlyCount "110"]
[EventDate "2018.??.??"]

1. e4 c5 2. Nf3 d6 3. d4 cxd4 4. Qxd4 Nc6 5. Qe3 Nf6 6. c4 e6 7. Be2 Be7 8. O-O
O-O 9. h3 Qc7 10. Nc3 Bd7 11. Rd1 Rac8 12. b3 Ne5 13. Nd4 a6 14. Bb2 Rfd8 15.
Rac1 Qc5 16. Rd2 Ng6 17. Rcd1 Ne8 18. Rc2 Bg5 19. Qd3 h6 20. Bf1 Rb8 21. g3 Ne5
22. Qe2 Bf6 23. Rcd2 Rdc8 24. Kh2 Ng6 25. a4 Qb6 26. Qe3 Bxd4 27. Qxd4 Qxb3 28.
f4 Bc6 29. h4 Qb4 30. h5 Nf8 31. Be2 Bxa4 32. Ra1 b5 33. g4 Nh7 34. Kg3 Bb3 35.
cxb5 Qxd4 36. Rxd4 axb5 37. Rb4 Bc4 38. Kf3 Bxe2+ 39. Nxe2 Rc4 40. Rb3 Nhf6 41.
Ng3 Nd7 42. g5 Nc5 43. Re3 Na4 44. Bc1 hxg5 45. fxg5 Nc7 46. g6 d5 47. gxf7+
Kxf7 48. exd5 Nxd5 49. Rb3 Rc3+ 50. Rxc3 Ndxc3 51. Ne4 Nxe4 52. Kxe4 Rh8 53. h6
gxh6 54. Be3 h5 55. Ke5 h4 0-1

[Event "2BLN 1718 SF Berlin II - SV Glückauf Rü"]
[Site "?"]
[Date "2018.04.15"]
[Round "9.7"]
[White "Wlodarczyk, Oskar"]
[Black "Lundin, Jan"]
[Result "0-1"]
[WhiteElo "2288"]
[BlackElo "2277"]
[PlyCount "66"]
[EventDate "2018.??.??"]

1. e4 c6 2. c4 d5 3. exd5 cxd5 4. cxd5 Nf6 5. Nc3 Nxd5 6. Nf3 Nc6 7. d4 Bg4 8.
Be2 e6 9. O-O Be7 10. Qb3 a6 11. Be3 O-O 12. a3 Na5 13. Qa2 Rc8 14. Bd2 Nc6 15.
Rad1 Bd6 16. Bg5 Nxc3 17. bxc3 Qa5 18. Qd2 h6 19. Bf4 Bxf4 20. Qxf4 Bxf3 21.
Qxf3 Qxa3 22. Rb1 Rc7 23. Bd3 Rfc8 24. c4 Qd6 25. Qe4 g6 26. Rb6 Rd8 27. d5
exd5 28. cxd5 Qxd5 29. Qf4 Re7 30. Bb1 Qa5 31. Rb2 Rd1 32. g3 Ree1 33. Rxe1
Qxe1+ 0-1

[Event "2BLN 1718 SF Berlin II - SV Glückauf Rü"]
[Site "?"]
[Date "2018.04.15"]
[Round "9.8"]
[White "Brettschneider, Stefan"]
[Black "Dudzinski, Pawel"]
[Result "1-0"]
[WhiteElo "2268"]
[BlackElo "2226"]
[PlyCount "63"]
[EventDate "2018.??.??"]

1. e4 c6 2. d3 d5 3. Nd2 g6 4. Ngf3 Bg7 5. g3 e5 6. Bg2 h6 7. O-O Be6 8. Qe2
Qc7 9. b3 d4 10. a4 Ne7 11. Nc4 a5 12. Nh4 Bf6 13. f4 Bxc4 14. bxc4 exf4 15.
Bxf4 Be5 16. Bxe5 Qxe5 17. Qf2 Qg7 18. e5 Nd7 19. Rae1 Nxe5 20. Qxd4 f6 21. Qd6
Rf8 22. d4 Rd8 23. Qc5 Nd7 24. Qxa5 f5 25. c3 Rc8 26. Qb4 c5 27. Qxb7 Kd8 28.
Rd1 cxd4 29. Rxd4 Rc7 30. Qb5 g5 31. Rfd1 Ng8 32. Nxf5 1-0

[Event "2BLN 1718 Hamburger SK II - Turm Kiel"]
[Site "?"]
[Date "2018.04.15"]
[Round "9.1"]
[White "Salgado Lopez, Ivan"]
[Black "Colpe, Malte"]
[Result "1-0"]
[WhiteElo "2647"]
[BlackElo "2398"]
[PlyCount "59"]
[EventDate "2018.??.??"]

1. e4 e5 2. Nf3 Nc6 3. Bb5 a6 4. Ba4 Nf6 5. O-O Be7 6. Re1 b5 7. Bb3 d6 8. c3
O-O 9. h3 Nb8 10. d4 Nbd7 11. Nbd2 Bb7 12. Bc2 Re8 13. Nf1 Bf8 14. Ng3 g6 15.
Bg5 Bg7 16. Qd2 Nb6 17. Rad1 Qc8 18. b3 c5 19. Bh6 cxd4 20. Bxg7 Kxg7 21. cxd4
Nbd7 22. b4 Qc7 23. Bb3 h6 24. dxe5 dxe5 25. Nh4 Rh8 26. Qe3 Rad8 27. Rd3 Qb6
28. Ngf5+ gxf5 29. Nxf5+ Kf8 30. Qxb6 1-0

[Event "2BLN 1718 Hamburger SK II - Turm Kiel"]
[Site "?"]
[Date "2018.04.15"]
[Round "9.2"]
[White "Engel, Luis"]
[Black "Dziuba, Marcin"]
[Result "1-0"]
[WhiteElo "2406"]
[BlackElo "2584"]
[PlyCount "165"]
[EventDate "2018.??.??"]

1. e4 c6 2. d4 d5 3. e5 Bf5 4. Nf3 e6 5. Be2 Ne7 6. O-O Ng6 7. Be3 f6 8. Ne1
fxe5 9. g4 exd4 10. Bxd4 Bd6 11. Ng2 Nf4 12. gxf5 Qg5 13. Bf3 O-O 14. fxe6 Nxe6
15. h4 Qg6 16. Bh5 Qe4 17. Be3 Qe5 18. f4 Qxb2 19. Bg4 Qf6 20. Nc3 Kh8 21. Ne4
Qe7 22. Nxd6 Qxd6 23. f5 Nc5 24. f6 gxf6 25. Bf5 Qe7 26. Qh5 Nbd7 27. Rae1 Qf7
28. Nf4 Qxh5 29. Nxh5 Rf7 30. Bd4 b6 31. Bxd7 Nxd7 32. Nxf6 Nxf6 33. Rxf6 Rg7+
34. Kh2 c5 35. Be5 Kg8 36. Rd6 Rg6 37. Rxd5 Rf8 38. Bg3 Rf7 39. Re8+ Kg7 40. h5
Rg4 41. Kh3 Ra4 42. Rd6 Rf5 43. Rd7+ Kh6 44. Re6+ Kxh5 45. Rxh7+ Kg5 46. Rg7+
Kh5 47. Rg8 b5 48. Reg6 a6 49. R6g7 Kh6 50. Be1 Rd4 51. Kg2 b4 52. Rg4 Rxg4+
53. Rxg4 Rd5 54. Kf3 Rd1 55. Ke2 Ra1 56. Rc4 Rxa2 57. Rxc5 a5 58. Kd3 Kg6 59.
Rc6+ Kf5 60. Ra6 Ra3+ 61. Kc4 Ke4 62. Bd2 Ke5 63. Rh6 Ke4 64. Rh5 Ra1 65. Kb3
Rb1+ 66. Ka2 Rd1 67. Bh6 Rd6 68. Bc1 Rd1 69. Bh6 Rd6 70. Bg7 Rd7 71. Bf6 Rd6
72. Be7 Rd7 73. Bf8 Rd8 74. Bg7 Rd7 75. Bb2 Rd6 76. Kb1 Rd5 77. Rh4+ Ke3 78.
Bc1+ Ke2 79. Kb2 Rc5 80. Rg4 Kf3 81. Rg5 Rxg5 82. Bxg5 Ke4 83. Kb3 1-0

[Event "2BLN 1718 Hamburger SK II - Turm Kiel"]
[Site "?"]
[Date "2018.04.15"]
[Round "9.3"]
[White "Glud, Jakob Vang"]
[Black "Bracker, Frank"]
[Result "1-0"]
[WhiteElo "2513"]
[BlackElo "2408"]
[PlyCount "105"]
[EventDate "2018.??.??"]

1. c4 e6 2. Nf3 Nf6 3. g3 d5 4. Bg2 dxc4 5. O-O Bd7 6. Ne5 Qc8 7. b3 c5 8. Bb2
Be7 9. bxc4 O-O 10. a4 Nc6 11. Nxd7 Nxd7 12. Nc3 a6 13. f4 Bf6 14. f5 Qc7 15.
Rb1 Rad8 16. fxe6 fxe6 17. Qc2 Nde5 18. Ne4 Be7 19. Rxf8+ Rxf8 20. Bxe5 Qxe5
21. Rxb7 Nd4 22. Qd1 Bd8 23. e3 Nf5 24. Qb1 Nd6 25. Nxd6 Qxd6 26. Qe4 Bf6 27.
d3 Rd8 28. Bf1 Qe5 29. Qxe5 Bxe5 30. Rb6 Rd6 31. Rb8+ Kf7 32. Rc8 Rb6 33. Rxc5
Bd6 34. Rc8 Rb2 35. Rc6 Bb4 36. Rxa6 Be1 37. Bh3 e5 38. Be6+ Ke7 39. Bd5 Bf2+
40. Kf1 Bxe3 41. Re6+ Kd7 42. Rxe5 Bd4 43. Re4 Bc3 44. c5 Rxh2 45. c6+ Kd8 46.
Rf4 Be5 47. Rf8+ Kc7 48. Rf7+ Kb6 49. Rb7+ Kc5 50. Bg2 Rh6 51. c7 Rf6+ 52. Ke2
Rf8 53. Bh3 1-0

[Event "2BLN 1718 Hamburger SK II - Turm Kiel"]
[Site "?"]
[Date "2018.04.15"]
[Round "9.4"]
[White "Souleidis, Georgios"]
[Black "Hector, Jonny"]
[Result "1/2-1/2"]
[WhiteElo "2410"]
[BlackElo "2502"]
[PlyCount "105"]
[EventDate "2018.??.??"]

1. e4 e5 2. Nf3 Nc6 3. Bc4 Nf6 4. d3 h6 5. O-O d6 6. c3 g5 7. Re1 Bg7 8. Bb3
O-O 9. Na3 d5 10. exd5 Nxd5 11. Nc4 Re8 12. Ba4 Nb6 13. Bxc6 bxc6 14. Ncxe5 c5
15. h3 Qd5 16. d4 cxd4 17. cxd4 Bb7 18. Be3 Rad8 19. Qc2 f6 20. Nd3 Qf7 21. Nd2
f5 22. Ne5 Bxe5 23. dxe5 Rxe5 24. Bxb6 Rxe1+ 25. Rxe1 axb6 26. Nc4 Be4 27. Qc1
b5 28. Ne3 Rd6 29. Qc5 Qd7 30. b3 Kf7 31. a4 c6 32. a5 Rd2 33. f3 Bd5 34. Ra1
f4 35. Ng4 Qe6 36. a6 Qe2 37. Qf2 Rd1+ 38. Rxd1 Qxd1+ 39. Kh2 h5 40. a7 hxg4
41. hxg4 Qa1 42. Qb6 Qh8+ 43. Kg1 Qa8 44. b4 Ke6 45. Qb8 c5 46. bxc5 Qc6 47.
Qg8+ Kf6 48. Qf8+ Kg6 49. Qf5+ Kh6 50. Qf8+ Kh7 51. Qf5+ Kh6 52. Qf8+ Kg6 53.
Qf5+ 1/2-1/2

[Event "2BLN 1718 Hamburger SK II - Turm Kiel"]
[Site "?"]
[Date "2018.04.15"]
[Round "9.5"]
[White "Pakleza, Zbigniew"]
[Black "Meissner, Felix"]
[Result "1-0"]
[WhiteElo "2497"]
[BlackElo "2352"]
[PlyCount "103"]
[EventDate "2018.??.??"]

1. d4 Nf6 2. Nf3 d5 3. Bf4 c5 4. e3 Nc6 5. c3 cxd4 6. exd4 g6 7. Bd3 Bf5 8.
Bxf5 gxf5 9. Qb3 Qd7 10. Ne5 Nxe5 11. Bxe5 Bg7 12. Nd2 Rc8 13. Nf1 Rc6 14. Ne3
Rb6 15. Qc2 e6 16. g4 Qb5 17. gxf5 Nh5 18. Bxg7 Nxg7 19. O-O-O Nh5 20. Rhg1 Kd8
21. Kb1 Nf6 22. fxe6 fxe6 23. f3 Rf8 24. Rd2 Rc6 25. Rg5 Rc7 26. Qb3 Qa5 27.
Re2 Qa6 28. Qd1 Rcf7 29. Re1 Ne8 30. Rg3 h5 31. Ng2 Rf6 32. Nh4 Nd6 33. Ng6 Rg8
34. Ne5 Rxg3 35. hxg3 Nc4 36. Qe2 Nxe5 37. Qxa6 bxa6 38. Rxe5 Rxf3 39. Rxh5 Kc7
40. Rh7+ Kb6 41. g4 Rg3 42. Rg7 Rg2 43. a4 Ka5 44. b3 Re2 45. Re7 Rg2 46. Rg7
Kb6 47. g5 Rg1+ 48. Kb2 Rg2+ 49. Ka3 Rg3 50. a5+ Kb5 51. Rg8 Kc6 52. g6 1-0

[Event "2BLN 1718 Hamburger SK II - Turm Kiel"]
[Site "?"]
[Date "2018.04.15"]
[Round "9.6"]
[White "Uksini, Bardhyl"]
[Black "Bromann, Thorbjorn"]
[Result "1/2-1/2"]
[WhiteElo "2319"]
[BlackElo "2376"]
[PlyCount "35"]
[EventDate "2018.??.??"]

1. d4 e6 2. c4 Bb4+ 3. Bd2 c5 4. Nf3 Nf6 5. g3 Bxd2+ 6. Qxd2 Ne4 7. Qc2 Qa5+ 8.
Nbd2 Nxd2 9. Qxd2 Qxd2+ 10. Kxd2 b6 11. Bg2 Bb7 12. d5 d6 13. e4 Nd7 14. Kc2
Ke7 15. Nd2 g5 16. Rhe1 e5 17. Nf1 Nf6 18. Ne3 {(=)} 1/2-1/2

[Event "2BLN 1718 Hamburger SK II - Turm Kiel"]
[Site "?"]
[Date "2018.04.15"]
[Round "9.7"]
[White "Hoi, Carsten"]
[Black "Groetzbach, Julian"]
[Result "1-0"]
[WhiteElo "2374"]
[BlackElo "2270"]
[PlyCount "141"]
[EventDate "2018.??.??"]

1. d4 d5 2. Nf3 Nf6 3. e3 e6 4. Bd3 c5 5. b3 b6 6. O-O Ba6 7. Bxa6 Nxa6 8. Qe2
Nc7 9. Bb2 Bd6 10. dxc5 Bxc5 11. Nbd2 O-O 12. Rfd1 Qe7 13. a3 b5 14. h3 Rfd8
15. Ne5 Qe8 16. a4 b4 17. Nd3 Be7 18. Nxb4 a5 19. Nd3 Na6 20. Rac1 Rab8 21. e4
Qc6 22. Ne5 Qb7 23. exd5 Nxd5 24. Qf3 Bg5 25. Rb1 f5 26. Ndc4 Qc7 27. Nd3 Bf6
28. Bxf6 gxf6 29. Re1 Nc3 30. Rxe6 Nxb1 31. Rxa6 Qb7 32. Qxb7 Rxb7 33. Rxa5 Rc7
34. Rxf5 Nd2 35. Nxd2 Rxc2 36. Ne4 Rxd3 37. Nxf6+ Kg7 38. Ng4 Rxb3 39. Rg5+ Kf7
40. Ra5 Ra3 41. Ra7+ Kg6 42. g3 Raa2 43. Ra6+ Kg7 44. Ra5 Kg6 45. h4 Rc1+ 46.
Kg2 Rac2 47. h5+ Kg7 48. Rg5+ Kf8 49. a5 Rc6 50. Ne5 Ra6 51. f4 Ra1 52. Nc4 Rc6
53. Nb6 Kf7 54. Kh3 Rc3 55. Nd5 Rca3 56. Rf5+ Kg7 57. Rf6 h6 58. Rg6+ Kf7 59.
Rxh6 Rxa5 60. Rf6+ Kg7 61. Rd6 Rd1 62. h6+ Kf7 63. Rf6+ Ke8 64. Ne3 Rh1+ 65.
Kg4 Ke7 66. Rb6 Rah5 67. Nf5+ Kf7 68. Ra6 Kg8 69. Nh4 Rb5 70. Ra7 Rb6 71. Kg5
1-0

[Event "2BLN 1718 Hamburger SK II - Turm Kiel"]
[Site "?"]
[Date "2018.04.15"]
[Round "9.8"]
[White "Gruenter, Martin"]
[Black "Boe, Mads"]
[Result "0-1"]
[WhiteElo "2202"]
[BlackElo "2301"]
[PlyCount "60"]
[EventDate "2018.??.??"]

1. e4 c6 2. d4 d5 3. Nc3 dxe4 4. Nxe4 Bf5 5. Ng3 Bg6 6. Nh3 e6 7. Nf4 Bd6 8. c3
Qc7 9. Qf3 Nf6 10. h4 Nbd7 11. h5 Bc2 12. h6 g6 13. Bd3 Bxd3 14. Nxd3 Qa5 15.
Bf4 Bxf4 16. Qxf4 g5 17. Qe3 Rg8 18. Ne4 Nxe4 19. Qxe4 Qd5 20. Qxh7 Ke7 21. Nb4
Qxg2 22. O-O-O Rg6 23. d5 cxd5 24. Nxd5+ exd5 25. Rhe1+ Kf6 26. Rg1 Qf3 27. Rg3
Qf4+ 28. Kb1 Qf5+ 29. Ka1 Rag8 30. c4 Nf8 0-1

[Event "2BLN 1718 SV Werder Bremen II - FC St."]
[Site "?"]
[Date "2018.04.15"]
[Round "9.1"]
[White "Feuerstack, Aljoscha"]
[Black "Fish, Gennadij"]
[Result "1/2-1/2"]
[WhiteElo "2443"]
[BlackElo "2455"]
[PlyCount "36"]
[EventDate "2018.??.??"]

1. e4 c5 2. Nf3 e6 3. b3 d6 4. Bb2 Nf6 5. e5 dxe5 6. Nxe5 Be7 7. Bd3 Nbd7 8.
O-O Nxe5 9. Bxe5 Bd7 10. Qf3 Bc6 11. Qh3 Nd7 12. Bc3 Bf6 13. Re1 h6 14. Bxf6
Nxf6 15. Na3 O-O 16. Nc4 Qd4 17. c3 Qf4 18. Qe3 Qxe3 1/2-1/2

[Event "2BLN 1718 SV Werder Bremen II - FC St."]
[Site "?"]
[Date "2018.04.15"]
[Round "9.2"]
[White "Meins, Gerlef"]
[Black "Voigt, Martin"]
[Result "1-0"]
[WhiteElo "2407"]
[BlackElo "2312"]
[PlyCount "81"]
[EventDate "2018.??.??"]

1. d4 d5 2. c4 c6 3. Nf3 Nf6 4. Nc3 dxc4 5. a4 Bf5 6. e3 e6 7. Bxc4 Bb4 8. O-O
Nbd7 9. Qe2 O-O 10. e4 Bg6 11. Bd3 Bh5 12. e5 Nd5 13. Nxd5 cxd5 14. Qe3 Be7 15.
Bd2 Nb8 16. Rfc1 Nc6 17. Ne1 Bg6 18. Bf1 f6 19. Nd3 Qd7 20. exf6 Bxf6 21. Ne5
Bxe5 22. dxe5 Qf7 23. Bc3 Rad8 24. Rd1 Bc2 25. Rd2 Qg6 26. f3 Bf5 27. Bb5 Rd7
28. Bxc6 bxc6 29. Bd4 a6 30. Rc1 Rc8 31. b4 Rb7 32. Bc5 Ra8 33. a5 Rb5 34. Bd6
Re8 35. g4 h5 36. h3 hxg4 37. hxg4 Bb1 38. Kg2 Rb7 39. Kg3 Rf7 40. Rh1 d4 41.
Rdh2 1-0

[Event "2BLN 1718 SV Werder Bremen II - FC St."]
[Site "?"]
[Date "2018.04.15"]
[Round "9.3"]
[White "Krause, Jonah"]
[Black "Joachim, Sven"]
[Result "1/2-1/2"]
[WhiteElo "2337"]
[BlackElo "2397"]
[PlyCount "47"]
[EventDate "2018.??.??"]

1. d4 Nf6 2. c4 g6 3. Nc3 Bg7 4. e4 d6 5. Nf3 O-O 6. Be2 e5 7. O-O Nbd7 8. Be3
c6 9. d5 c5 10. Ne1 Kh8 11. Nd3 Ng8 12. Qd2 Qe7 13. a3 f5 14. exf5 gxf5 15. f4
e4 16. Nf2 Ndf6 17. b4 b6 18. h3 h5 19. Rfb1 h4 20. bxc5 bxc5 21. Rb3 Nd7 22.
Rab1 Ngf6 23. Nb5 Ne8 24. Kh2 {(=)} 1/2-1/2

[Event "2BLN 1718 SV Werder Bremen II - FC St."]
[Site "?"]
[Date "2018.04.15"]
[Round "9.4"]
[White "Richter, Christian"]
[Black "Jahncke, Giso"]
[Result "1/2-1/2"]
[WhiteElo "2363"]
[BlackElo "2400"]
[PlyCount "20"]
[EventDate "2018.??.??"]

1. d4 d5 2. Nf3 Nf6 3. c4 c6 4. e3 Bf5 5. Nc3 a6 6. Bd3 Bg6 7. Ne5 Bxd3 8. Qxd3
e6 9. O-O Bd6 10. Nf3 O-O {(=)} 1/2-1/2

[Event "2BLN 1718 SV Werder Bremen II - FC St."]
[Site "?"]
[Date "2018.04.15"]
[Round "9.5"]
[White "Pajeken, Wolfgang"]
[Black "Grigorian, Spartak"]
[Result "1/2-1/2"]
[WhiteElo "2243"]
[BlackElo "2321"]
[PlyCount "157"]
[EventDate "2018.??.??"]

1. d4 d5 2. c4 e6 3. Nf3 Nf6 4. Nc3 Bb4 5. cxd5 exd5 6. Bf4 c6 7. Qb3 Be7 8. e3
Nbd7 9. h3 Nf8 10. Bd3 Ng6 11. Bh2 O-O 12. O-O Bd6 13. Bxd6 Qxd6 14. Rfc1 Re8
15. Qc2 Be6 16. Rab1 Rac8 17. b4 a6 18. Na4 Ne4 19. Nc5 Nxc5 20. Qxc5 Qe7 21.
Bxg6 hxg6 22. Qxe7 Rxe7 23. a4 b6 24. Rc3 Rec7 25. Rbc1 Bd7 26. Ne5 Be8 27. a5
Kf8 28. Nd3 bxa5 29. bxa5 Rb8 30. Nc5 Rb5 31. Nxa6 Ra7 32. Nc5 Raxa5 33. h4 Ke7
34. g4 Ra2 35. R3c2 Ra3 36. Kg2 Rb4 37. Rc3 Ra2 38. R1c2 Ra1 39. Rc1 Ra2 40.
R1c2 Ra1 41. Nd3 Rb6 42. Rb2 Rxb2 43. Nxb2 Bd7 44. g5 Kd6 45. Nd3 f6 46. Nc5
Bc8 47. Rb3 Kc7 48. Rb2 Kd6 49. Rb8 Kc7 50. Rb4 Kd6 51. Ra4 Rxa4 52. Nxa4 Bf5
53. Nc5 Bc2 54. Kg3 Ke7 55. Kf4 Kd6 56. f3 Ke7 57. Kg4 Bf5+ 58. Kg3 Bb1 59. Kf2
Kd6 60. Ke2 Ba2 61. Kd2 Bc4 62. Ke1 Ba2 63. Nd3 Bb1 64. Nf4 Bf5 65. Kd2 Bb1 66.
Kc3 Ke7 67. Kb4 Kd6 68. gxf6 gxf6 69. h5 gxh5 70. Nxh5 Ke7 71. Kc5 Bg6 72. Nf4
Be8 73. Nd3 Kd7 74. Nb4 Kc7 75. Na6+ Kb7 76. Nb4 Kc7 77. Nd3 Bg6 78. Nf4 Bf7
79. e4 1/2-1/2

[Event "2BLN 1718 SV Werder Bremen II - FC St."]
[Site "?"]
[Date "2018.04.15"]
[Round "9.6"]
[White "Charmeteau, Sven"]
[Black "Stenner, Patrick"]
[Result "1-0"]
[WhiteElo "2291"]
[BlackElo "2187"]
[PlyCount "60"]
[EventDate "2018.??.??"]

1. e4 c6 2. d4 d5 3. Nd2 dxe4 4. Nxe4 Nf6 5. Nxf6+ exf6 6. Nf3 Bd6 7. Be2 O-O
8. O-O Re8 9. h3 Nd7 10. Re1 Nf8 11. Be3 Be6 12. c4 Ng6 13. Qc2 Qd7 14. Bf1
Rac8 15. Rad1 Bb8 16. Bc1 h5 17. Re3 Qd6 18. Bd3 Nf4 19. Bh7+ Kf8 20. Bf5 g6
21. Bxe6 Nxe6 22. Rde1 Kg7 23. Kf1 Red8 24. Rd1 a6 25. b3 Ba7 26. Bb2 Bc5 27.
Rxe6 fxe6 28. Nh4 Kf8 29. Qxg6 Qe7 30. Qxh5 Qf7 1-0

[Event "2BLN 1718 SV Werder Bremen II - FC St."]
[Site "?"]
[Date "2018.04.15"]
[Round "9.7"]
[White "Mitscherling, Andreas"]
[Black "Mueller, Oliver"]
[Result "1/2-1/2"]
[WhiteElo "2165"]
[BlackElo "2294"]
[PlyCount "89"]
[EventDate "2018.??.??"]

1. d4 Nf6 2. Bf4 g6 3. e3 Bg7 4. Nf3 d6 5. h3 O-O 6. Be2 Nc6 7. c3 Nd7 8. d5
Nce5 9. O-O c6 10. Nxe5 Nxe5 11. e4 a6 12. Nd2 cxd5 13. exd5 b5 14. a4 Rb8 15.
axb5 axb5 16. Qb3 Bf5 17. Ra7 Re8 18. Rfa1 Bd3 19. Bxd3 Nxd3 20. Be3 Qc8 21.
Nf3 Qc4 22. R1a3 Ne5 23. Nxe5 Bxe5 24. R7a6 Qe2 25. Ra1 b4 26. cxb4 Qxb2 27.
Qxb2 Bxb2 28. R1a4 Bc3 29. Bb6 Rb7 30. b5 Rc8 31. Ra8 Rxa8 32. Rxa8+ Kg7 33.
Bd8 Rxb5 34. Bxe7 Rxd5 35. Rd8 Rd1+ 36. Kh2 Be5+ 37. g3 Rd2 38. Kg1 h5 39. Kf1
d5 40. Bc5 Bc3 41. Be3 Rd1+ 42. Ke2 Re1+ 43. Kd3 d4 44. Bxd4+ Bxd4 45. Rxd4
1/2-1/2

[Event "2BLN 1718 SV Werder Bremen II - FC St."]
[Site "?"]
[Date "2018.04.15"]
[Round "9.8"]
[White "Wachinger, Nikolas"]
[Black "Grote, Dirk"]
[Result "1/2-1/2"]
[WhiteElo "2253"]
[BlackElo "2126"]
[PlyCount "104"]
[EventDate "2018.??.??"]

1. e4 c6 2. d4 d5 3. e5 c5 4. dxc5 Nc6 5. Nf3 Bg4 6. c3 e6 7. Be3 Nge7 8. Bb5
Qc7 9. Nbd2 Nf5 10. Bd4 O-O-O 11. Qa4 Be7 12. O-O a6 13. Bxc6 Qxc6 14. Qxc6+
bxc6 15. h3 Bxf3 16. Nxf3 Kc7 17. b4 Rb8 18. Rab1 Rb7 19. Rb3 Rhb8 20. Rfb1 h5
21. g3 g6 22. Kg2 Kd7 23. g4 Nh4+ 24. Nxh4 Bxh4 25. f4 Be7 26. Ra3 Ra7 27. Rab3
Rab7 28. Kg3 Ra8 29. Rf1 a5 30. bxa5 Rxb3 31. axb3 Rxa5 32. b4 Ra2 33. Rf2 Ra3
34. gxh5 gxh5 35. f5 h4+ 36. Kg4 exf5+ 37. Rxf5 Ke6 38. Rf3 Ra2 39. Bf2 Re2 40.
Rf4 Rxe5 41. Kf3 Rh5 42. c4 dxc4 43. Rxc4 Rh8 44. Re4+ Kd7 45. Be1 Bf6 46. Rf4
Rh6 47. Bf2 Ke6 48. Re4+ Kd7 49. Be1 Rh5 50. Kg4 Rg5+ 51. Kf4 Rd5 52. Kg4 Rg5+
{(=)} 1/2-1/2